| 000 | 00438nam a2200181Ia 4500 | ||
|---|---|---|---|
| 001 | 4983 | ||
| 005 | 20260306145834.0 | ||
| 008 | 260306t1980||||xx |||||||||||||| ||spa|| | ||
| 041 | _aESP | ||
| 082 |
_a332.4098503 _bM86 |
||
| 100 |
_aMoreyra Paz Soldán, Manuel _eAUT |
||
| 245 | 0 | _aLa moneda colonial en el Perú | |
| 260 | _c1980 | ||
| 300 |
_a360 páginas : _c24 cm. |
||
| 650 | _aGEN | ||
| 654 | _aCAN | ||
| 942 |
_cLIB _dJUS _fJUS _2ddc _n |
||
| 999 |
_c4983 _d4983 |
||